Southville International School and Colleges
Your cart is empty.
  • Cart
  • Lists
    Public lists Eva Luna New books Lux_list list_1
    Your lists Log in to create your own lists
  • Log in to your account
  • Your cookies
  • Search history
Southville International School and Colleges
  • Advanced search
  • Recent comments
  • Most popular
  • Libraries

Log in to your account

Log in with GOOGLE


If you do not have an external account, but do have a local account, you can still log in:

  1. Home
  2. MARC view: Sining ng pakikipagtalastasan :
Normal view MARC view ISBD view

Sining ng pakikipagtalastasan : (Record no. 293517)

[ view plain ]
MARC details
000 -LEADER
fixed length control field 00518nam a2200193Ia 4500
008 - FIXED-LENGTH DATA ELEMENTS--GENERAL INFORMATION
fixed length control field 160418s9999 xx 000 0 und d
020 ## - INTERNATIONAL STANDARD BOOK NUMBER
International Standard Book Number 971-821-007-5
050 ## - LIBRARY OF CONGRESS CALL NUMBER
Classification number FIL PL 6061
050 ## - LIBRARY OF CONGRESS CALL NUMBER
Item number .S56 2000
245 ## - TITLE STATEMENT
Title Sining ng pakikipagtalastasan :
245 ## - TITLE STATEMENT
Remainder of title (pandalubhasa) /
245 ## - TITLE STATEMENT
Statement of responsibility, etc Alcomtiser P. Tumangan... [et al].
260 ## - PUBLICATION, DISTRIBUTION, ETC. (IMPRINT)
Place of publication, distribution, etc Valenzuela City:
260 ## - PUBLICATION, DISTRIBUTION, ETC. (IMPRINT)
Name of publisher, distributor, etc Mega-Jesta Prints, Inc.
260 ## - PUBLICATION, DISTRIBUTION, ETC. (IMPRINT)
Date of publication, distribution, etc 2000
300 ## - PHYSICAL DESCRIPTION
Extent 228 pages :
300 ## - PHYSICAL DESCRIPTION
Dimensions 23 cm.
650 ## - SUBJECT ADDED ENTRY--TOPICAL TERM
Topical term or geographic name as entry element Filipino language -- Rhetoric.
Holdings
Withdrawn status Lost status Damaged status Home library Current library Shelving location Date acquired Cost, normal purchase price Total Checkouts Full call number Barcode Date last seen Price effective from Koha item type
      South Mansfield College South Mansfield College Filipiniana Section 03/07/2005 187.00   FIL PL 6061 .S56 2000 SMC01612 04/18/2016 04/18/2016  

Sining ng pakikipagtalastasan :

APA

Sining ng pakikipagtalastasan. Valenzuela City: .

Chicago

Sining ng pakikipagtalastasan. Valenzuela City: .

Harvard

Sining ng pakikipagtalastasan. Valenzuela City: .

MLA

Valenzuela City: . .

  • Place hold
  • Print
  • Cite
  • Add to your cart (remove)
  • Save record
    BIBTEX Dublin Core MARCXML MARC (non-Unicode/MARC-8) MARC (Unicode/UTF-8) MARC (Unicode/UTF-8, Standard) MODS (XML) RIS
  • More searches
    Search for this title in:
    Other Libraries (WorldCat) Other Databases (Google Scholar) Online Stores (Bookfinder.com) Open Library (openlibrary.org)

Exporting to Dublin Core...

SOUTHVILLE LIBRARY

Southville International School and Colleges Library

1281 Tropical Ave. Cor. Luxembourg St., BF Homes International, Las Pinas City

Tel. No. 8256374 / 252358 Loc. 117/146

Powered by Koha